Rediseño de la arquitectura organizacional para la empresa Arenal Therapeutic
محفوظ في:
| المؤلف الرئيسي: | |
|---|---|
| مؤلفون آخرون: | , , |
| التنسيق: | كتاب |
| اللغة: | Spanish |
| منشور في: |
[San José, Costa Rica]
2020
|
| الموضوعات: | |
| الوسوم: |
إضافة وسم
لا توجد وسوم, كن أول من يضع وسما على هذه التسجيلة!
|
MARC
| LEADER | 00000nam a2200000Ia 4500 | ||
|---|---|---|---|
| 003 | 013789 | ||
| 005 | 20240313085821.0 | ||
| 008 | 140114s2020 cr a 000 ||spa d | ||
| 040 | |c cru CEDI | ||
| 100 | |a Gallegos Chacón, Carolina, 1993- |9 2599 | ||
| 245 | |a Rediseño de la arquitectura organizacional para la empresa Arenal Therapeutic | ||
| 260 | |a [San José, Costa Rica] |c 2020 | ||
| 500 | |a Proyecto de graduación (licenciatura en ingeniería industrial)--Universidad de Costa Rica. Facultad de Ingeniería. Escuela de Ingeniería Industrial | ||
| 501 | |a Director de Proyecto de Graduación: M.Sc Germán Jiménez Rivera | ||
| 650 | |x ABASTECIMIENTO - PLANIFICACION |x EFECTIVIDAD ORGANIZACIONAL |x CONTROL DE INVENTARIOS - ADMINISTRACION |x TOMA DE DECISIONES |x - INNOVACIONES | ||
| 700 | |a Moreno Rojas, Wily, 1993- |9 2602 | ||
| 700 | |a Murillo Martínez, Gabriel, 1996- |9 2603 | ||
| 700 | |a Jiménez Rivera, German, 1969- |d Director del TFG |9 2601 | ||
| 942 | |c TFG |h TFG 8930 |i 013789 |6 TFG_8930_013789000000000 | ||
| 999 | |c 12830 |d 12830 | ||
